Fractal geometry : mathematical foundations and applications
Αποθηκεύτηκε σε:
| Κύριος συγγραφέας: | |
|---|---|
| Μορφή: | Βιβλίο |
| Γλώσσα: | English |
| Δημοσίευση: |
Chichester :
Wiley,
1993
|
| Θέματα: | |
| Ετικέτες: |
Προσθήκη ετικέτας
Δεν υπάρχουν, Καταχωρήστε ετικέτα πρώτοι!
|
MARC
| LEADER | 00000nam a2200000 i 4500 | ||
|---|---|---|---|
| 001 | 1/46306 | ||
| 008 | 950616s1993 eng d | ||
| 020 | |a 0-471-92287-0 | ||
| 035 | |a 1995 |c ΒΙΒΛΙΟΘΗΚΗ |l 10042762 | ||
| 040 | |a GR-MY-UA |b gre |e aacr | ||
| 041 | 0 | |a eng | |
| 082 | 0 | |a 514.74 | |
| 100 | 1 | |a Falconer, Kenneth J. | |
| 245 | 1 | 0 | |a Fractal geometry : |b mathematical foundations and applications / |c Kenneth Falconer |
| 260 | |a Chichester : |b Wiley, |c 1993 | ||
| 300 | |a 288 p.; |c 24 cm. | ||
| 504 | |a Includes bibliographical references and index | ||
| 650 | 0 | 0 | |a Fractals. |
| 852 | |a INST |b SAMOS |e 19950616 |h 514.74 FAL |p 005300005548 |q 005300005548 |t BK |y 0 | ||
| 852 | |a INST |b SAMOS |e 20000425 |h 514.74 FAL |p 005300017748 |q 005300017748 |t BK |y 0 | ||
| 901 | |a BIBL3-2000-1 | ||
| 909 | |a Σ |b 077160 | ||
| 909 | |a Σ |b 039056 | ||
| 922 | |a 3ΕΛΗ |b 200003 |c ΚΠΣ |d LEADER | ||
| 970 | |a ΠΟΥΡΝΑΡΑΣ |b ΔΗΜΗΤΡΗΣ |z 2000/04/25 | ||